[Event "RE-2019-0-00213"]
[Site "LSS email"]
[Date "2019.12.26"]
[Round "?"]
[White "Miklaszewski, Sylvain"]
[Black "Lukin, Andrey"]
[Result "1-0"]
[WhiteElo "1621"]
[BlackElo "1403"]
[PlyCount "35"]
[EventDate "2019.05.28"]
[EventType "tourn (corr)"]
[EventRounds "6"]
[EventCountry "GER"]
[SourceTitle "Corr 2022"]
[Source "ChessBase"]
[SourceDate "2021.10.24"]
[SourceVersion "1"]
[SourceVersionDate "2021.10.24"]
[SourceQuality "1"]

1. e4 c5 2. Nf3 d6 3. Bb5+ Nc6 4. 0-0 Nf6 5. e5 Nd5 6. d4 Qb6 7. c4 Nc7 8. Nc3 Nxb5 9. cxb5 cxd4 10. Nd5 Qc5 11. Nc7+ Kd8 12. exd6 exd6 13. Nxa8 Qxb5 14. Nxd4 Qe5 15. Nxc6+ bxc6 16. Re1 Qb5 17. Qd4 f6 18. Qxa7 1-0

[Event "OP-2019-0-04894"]
[Site "LSS email"]
[Date "2019.12.16"]
[Round "?"]
[White "Miklaszewski, Sylvain"]
[Black "Vontina, Maria"]
[Result "1-0"]
[WhiteElo "1621"]
[BlackElo "814"]
[PlyCount "39"]
[EventDate "2019.12.11"]
[EventType "tourn (corr)"]
[EventRounds "4"]
[EventCountry "GER"]
[SourceTitle "Corr 2022"]
[Source "ChessBase"]
[SourceDate "2021.10.24"]
[SourceVersion "1"]
[SourceVersionDate "2021.10.24"]
[SourceQuality "1"]

1. e4 e6 2. d4 d5 3. Nc3 Bb4 4. exd5 exd5 5. Bd3 Nf6 6. Nf3 0-0 7. 0-0 Bg4 8. h3 Bh5 9. g4 Bg6 10. Ne5 Bxd3 11. Qxd3 c6 12. Bg5 Be7 13. f4 Nbd7 14. Rae1 Re8 15. Bh4 Qc7 16. g5 Nh5 17. Nxf7 Kxf7 18. Qxh7 Ndf6 19. g6+ Kf8 20. Qh8+ 1-0

[Event "OP-2019-0-04887"]
[Site "LSS email"]
[Date "2019.12.09"]
[Round "?"]
[White "Miklaszewski, Sylvain"]
[Black "Neumann, Otto"]
[Result "1-0"]
[WhiteElo "1621"]
[BlackElo "927"]
[PlyCount "41"]
[EventDate "2019.11.29"]
[EventType "tourn (corr)"]
[EventRounds "4"]
[EventCountry "GER"]
[SourceTitle "Corr 2022"]
[Source "ChessBase"]
[SourceDate "2021.10.24"]
[SourceVersion "1"]
[SourceVersionDate "2021.10.24"]
[SourceQuality "1"]

1. e4 c6 2. d4 d5 3. e5 Bf5 4. Nf3 e6 5. Be2 Bb4+ 6. c3 Ba5 7. Qb3 Qc8 8. Nh4 Ne7 9. Bg5 Qc7 10. Nd2 h6 11. Bxe7 Qxe7 12. Nxf5 exf5 13. Nf1 0-0 14. Ne3 f4 15. Nf5 Qc7 16. g3 fxg3 17. hxg3 Bb6 18. Qc2 c5 19. Nxh6+ gxh6 20. Rxh6 f5 21. exf6 1-0

[Event "RE-2015-0-00163"]
[Site "LSS email"]
[Date "2015.12.04"]
[Round "?"]
[White "Miklaszewski, Sylvain"]
[Black "Obrien, Glenn"]
[Result "0-1"]
[WhiteElo "1653"]
[BlackElo "1338"]
[PlyCount "42"]
[EventDate "2015.09.11"]
[EventType "tourn (corr)"]
[EventRounds "6"]
[EventCountry "GER"]
[SourceTitle "Corr 2022"]
[Source "ChessBase"]
[SourceDate "2021.10.24"]
[SourceVersion "1"]
[SourceVersionDate "2021.10.24"]
[SourceQuality "1"]

1. e4 e5 2. Nf3 Nc6 3. Bb5 a6 4. Bxc6 dxc6 5. 0-0 Bg4 6. h3 h5 7. d3 Qf6 8. Nbd2 Ne7 9. Re1 Ng6 10. d4 Bd6 11. Kf1 exd4 12. e5 Bxe5 13. Ne4 Qf5 14. Qd3 Bxf3 15. Nd6+ cxd6 16. Qxf5 Bxg2+ 17. Kg1 Bd5 18. Bg5 0-0 19. a4 Rae8 20. f4 Be6 21. Qe4 Bxh3 0-1

[Event "RE-2015-0-00163"]
[Site "LSS email"]
[Date "2015.12.04"]
[Round "?"]
[White "Travnik, Alexander"]
[Black "Miklaszewski, Sylvain"]
[Result "1-0"]
[WhiteElo "800"]
[BlackElo "1653"]
[PlyCount "125"]
[EventDate "2015.09.11"]
[EventType "tourn (corr)"]
[EventRounds "6"]
[EventCountry "GER"]
[SourceTitle "Corr 2022"]
[Source "ChessBase"]
[SourceDate "2021.10.24"]
[SourceVersion "1"]
[SourceVersionDate "2021.10.24"]
[SourceQuality "1"]

1. e4 e5 2. Nf3 Nc6 3. Bb5 Nf6 4. d3 d6 5. 0-0 Be6 6. d4 exd4 7. Nxd4 Bd7 8. Nc3 Be7 9. h3 Nxd4 10. Qxd4 Bxb5 11. Nxb5 0-0 12. Bf4 Nd7 13. Qc4 a6 14. Nc3 Re8 15. Rad1 Bf6 16. Nd5 Rc8 17. b3 Nb6 18. Qb4 Nxd5 19. exd5 b5 20. Rfe1 Qd7 21. c4 h6 22. Bd2 Rxe1+ 23. Rxe1 Rb8 24. Be3 Ra8 25. Rc1 Bb2 26. Rc2 Be5 27. Qd2 Qf5 28. cxb5 axb5 29. Rxc7 Qb1+ 30. Rc1 Qxa2 31. Rc8+ Kh7 32. Rxa8 Qxa8 33. f4 Bf6 34. Qd3+ g6 35. Qxb5 Qa1+ 36. Kh2 Qc3 37. Qb6 Kg7 38. Bg1 g5 39. Qxd6 gxf4 40. Qd7 Be5 41. Qg4+ Kf6 42. Qf3 Qxf3 43. gxf3 Bd6 44. Bd4+ Be5 45. Bc5 Bb8 46. Kg2 Ke5 47. Kf1 Kxd5 48. Bb4 Kd4 49. Ke2 h5 50. Kd2 Bc7 51. Bc3+ Kd5 52. Kd3 Bd6 53. Ba5 Bb8 54. Bb6 Bd6 55. Ba7 f5 56. Bf2 Bb4 57. Bb6 Bd6 58. Ba7 Ba3 59. Bb8 Bc1 60. b4 Ba3 61. b5 Bc1 62. Ba7 Bb2 63. Bf2 1-0

[Event "OP-2015-0-03877"]
[Site "LSS email"]
[Date "2015.11.23"]
[Round "?"]
[White "Alonso Higelmo, Maria Isabel"]
[Black "Miklaszewski, Sylvain"]
[Result "0-1"]
[WhiteElo "1324"]
[BlackElo "1653"]
[PlyCount "44"]
[EventDate "2015.11.19"]
[EventType "tourn (corr)"]
[EventRounds "4"]
[EventCountry "GER"]
[SourceTitle "Corr 2022"]
[Source "ChessBase"]
[SourceDate "2021.10.24"]
[SourceVersion "1"]
[SourceVersionDate "2021.10.24"]
[SourceQuality "1"]

1. d4 d5 2. Nf3 e6 3. Bf4 Bd6 4. Ne5 f6 5. Nd3 Ne7 6. Bxd6 Qxd6 7. e3 0-0 8. Be2 e5 9. 0-0 Nbc6 10. dxe5 fxe5 11. Nc3 Bf5 12. Nb5 Qd8 13. Bg4 a6 14. Nc3 Qd6 15. Bxf5 Nxf5 16. e4 dxe4 17. Nxe4 Qg6 18. Ng3 Rad8 19. Qe1 Nxg3 20. hxg3 e4 21. Nf4 Rxf4 22. gxf4 Nd4 0-1

[Event "OP-2015-0-03877"]
[Site "LSS email"]
[Date "2015.11.23"]
[Round "?"]
[White "Miklaszewski, Sylvain"]
[Black "Goti, Javier"]
[Result "1-0"]
[WhiteElo "1653"]
[BlackElo "677"]
[PlyCount "43"]
[EventDate "2015.11.19"]
[EventType "tourn (corr)"]
[EventRounds "4"]
[EventCountry "GER"]
[SourceTitle "Corr 2022"]
[Source "ChessBase"]
[SourceDate "2021.10.24"]
[SourceVersion "1"]
[SourceVersionDate "2021.10.24"]
[SourceQuality "1"]

1. e4 c5 2. Nf3 d6 3. Bc4 Nc6 4. Nc3 e6 5. 0-0 Nf6 6. d4 Be7 7. d5 exd5 8. exd5 Ne5 9. Nxe5 0-0 10. Nf3 Re8 11. a4 Rb8 12. Re1 Bg4 13. h3 Bxf3 14. Qxf3 a6 15. b3 Nd7 16. Bf4 Ne5 17. Bxe5 dxe5 18. d6 Bf6 19. Ne4 Qd7 20. Qxf6 b6 21. Qh4 b5 22. Ng5 1-0

[Event "OP-2015-0-03877"]
[Site "LSS email"]
[Date "2015.11.23"]
[Round "?"]
[White "Miklaszewski, Sylvain"]
[Black "Perez Garcia, Miguel"]
[Result "0-1"]
[WhiteElo "1653"]
[BlackElo "1563"]
[PlyCount "48"]
[EventDate "2015.11.19"]
[EventType "tourn (corr)"]
[EventRounds "4"]
[EventCountry "GER"]
[SourceTitle "Corr 2022"]
[Source "ChessBase"]
[SourceDate "2021.10.24"]
[SourceVersion "1"]
[SourceVersionDate "2021.10.24"]
[SourceQuality "1"]

1. e4 c5 2. Nf3 d6 3. Bc4 Nc6 4. Nc3 e5 5. 0-0 Be7 6. d3 Nf6 7. Bg5 0-0 8. Bxf6 Bxf6 9. Nd5 Bg4 10. c3 Na5 11. Ne3 Bd7 12. Bd5 Nc6 13. Nd2 Bg5 14. Ndc4 Qf6 15. a4 Rab8 16. Qh5 Ne7 17. b3 g6 18. Qe2 Kg7 19. Rad1 b6 20. b4 cxb4 21. cxb4 Rfc8 22. Ra1 Nc6 23. Bxc6 Bxc6 24. Qb2 Rc7 0-1

[Event "RE-2015-0-00163"]
[Site "LSS email"]
[Date "2015.11.22"]
[Round "?"]
[White "Shim Ng Min, Francis"]
[Black "Miklaszewski, Sylvain"]
[Result "0-1"]
[WhiteElo "1256"]
[BlackElo "1653"]
[PlyCount "56"]
[EventDate "2015.09.11"]
[EventType "tourn (corr)"]
[EventRounds "6"]
[EventCountry "GER"]
[SourceTitle "Corr 2022"]
[Source "ChessBase"]
[SourceDate "2021.10.24"]
[SourceVersion "1"]
[SourceVersionDate "2021.10.24"]
[SourceQuality "1"]

1. e4 e5 2. Nf3 Nc6 3. d4 exd4 4. Bc4 Nf6 5. 0-0 Nxe4 6. Re1 d5 7. Bxd5 Qxd5 8. Nc3 Qa5 9. Nxe4 Be6 10. Bd2 Qf5 11. Bg5 h6 12. Bh4 Bc5 13. Qd3 0-0 14. Bg3 Bb6 15. Nh4 Qh7 16. a3 Rae8 17. f4 Bd5 18. f5 Ne7 19. f6 Bxe4 20. Rxe4 Nd5 21. fxg7 Qxe4 22. gxf8Q+ Kxf8 23. Re1 Ne3 24. Qxe4 Rxe4 25. Nf5 Nxf5 26. Rxe4 d3+ 27. Kf1 dxc2 28. Bf4 Be3 0-1

[Event "OP-2015-0-03876"]
[Site "LSS email"]
[Date "2015.11.22"]
[Round "?"]
[White "Vontina, Maria"]
[Black "Miklaszewski, Sylvain"]
[Result "0-1"]
[WhiteElo "861"]
[BlackElo "1653"]
[PlyCount "46"]
[EventDate "2015.11.18"]
[EventType "tourn (corr)"]
[EventRounds "4"]
[EventCountry "GER"]
[SourceTitle "Corr 2022"]
[Source "ChessBase"]
[SourceDate "2021.10.24"]
[SourceVersion "1"]
[SourceVersionDate "2021.10.24"]
[SourceQuality "1"]

1. e4 e5 2. Nf3 Nc6 3. Bb5 a6 4. Ba4 Nf6 5. 0-0 d6 6. h3 Nxe4 7. d4 b5 8. Bb3 Bb7 9. dxe5 Nxe5 10. Nxe5 dxe5 11. Qf3 Qf6 12. Qxf6 gxf6 13. Re1 Rg8 14. Be3 Nc5 15. g3 Nxb3 16. axb3 0-0-0 17. Nc3 f5 18. Kh2 f4 19. Bc1 f6 20. Ne4 f5 21. Nc3 Bc5 22. Rf1 Bxf2 23. gxf4 Rg2+ 0-1

[Event "RE-2013-0-00119"]
[Site "LSS email"]
[Date "2013.08.11"]
[Round "?"]
[White "Miklaszewski, Sylvain"]
[Black "Havelka, Josef"]
[Result "1-0"]
[WhiteElo "1335"]
[BlackElo "1268"]
[PlyCount "29"]
[EventDate "2013.06.23"]
[EventType "tourn (corr)"]
[EventRounds "6"]
[EventCountry "GER"]
[SourceTitle "Corr 2015"]
[Source "ChessBase"]
[SourceDate "2015.07.17"]
[SourceVersion "1"]
[SourceVersionDate "2015.07.17"]
[SourceQuality "1"]

1. e4 e5 2. Nf3 Nc6 3. Bb5 f5 4. d3 fxe4 5. dxe4 d6 6. 0-0 Nf6 7. Nc3 Be7 8. Bc4 Na5 9. Be2 Be6 10. Ng5 Bg8 11. f4 exf4 12. Bxf4 Qd7 13. Nd5 Nxd5 14. exd5 Qa4 15. b3 1-0

[Event "OP-2013-0-02875"]
[Site "LSS email"]
[Date "2013.07.11"]
[Round "?"]
[White "Wolff, Christoph"]
[Black "Miklaszewski, Sylvain"]
[Result "1/2-1/2"]
[WhiteElo "1924"]
[BlackElo "1525"]
[PlyCount "43"]
[EventDate "2013.07.08"]
[EventType "tourn (corr)"]
[EventRounds "4"]
[EventCountry "GER"]
[SourceTitle "Corr 2022"]
[Source "ChessBase"]
[SourceDate "2021.10.24"]
[SourceVersion "1"]
[SourceVersionDate "2021.10.24"]
[SourceQuality "1"]

1. e4 e5 2. Nc3 Nf6 3. f4 d5 4. fxe5 Nxe4 5. Nf3 Be7 6. Qe2 Nxc3 7. dxc3 c5 8. Bf4 Nc6 9. 0-0-0 Qa5 10. Kb1 0-0 11. Qb5 Qxb5 12. Bxb5 a6 13. Be2 Be6 14. Rhe1 h6 15. h3 b5 16. g4 Rab8 17. g5 h5 18. Ng1 b4 19. cxb4 Nxb4 20. a3 Nc6 21. Bxh5 c4 22. Ka2 1/2-1/2

[Event "RF-2013-0-00159"]
[Site "LSS email"]
[Date "2013.07.05"]
[Round "?"]
[White "Miklaszewski, Sylvain"]
[Black "Tittarelli, Adriano"]
[Result "1-0"]
[WhiteElo "1335"]
[BlackElo "1043"]
[PlyCount "71"]
[EventDate "2013.05.18"]
[EventType "tourn (corr)"]
[EventRounds "6"]
[EventCountry "GER"]
[SourceTitle "Telechess CBM 163"]
[Source "ChessBase"]
[SourceDate "2014.11.11"]
[SourceVersion "2"]
[SourceVersionDate "2014.11.11"]
[SourceQuality "1"]

1. e4 g6 2. d4 Bg7 3. Nc3 d6 4. Nf3 Bg4 5. Be3 Nd7 6. Qd2 Bxf3 7. gxf3 e6 8. 0-0-0 b6 9. h4 h5 10. d5 e5 11. Ba6 Rb8 12. b4 Ne7 13. Nb5 Nc8 14. Qc3 0-0 15. Qxc7 Qxc7 16. Nxc7 Ne7 17. Rd3 f5 18. Ne6 Rf7 19. Ng5 Rff8 20. Rc3 f4 21. Bd2 Nf6 22. Rc7 Nc8 23. Ne6 Ne8 24. Rxc8 Rxc8 25. Bxc8 Rf7 26. Rg1 Nc7 27. Rxg6 Kh7 28. Rg1 Nxe6 29. Bxe6 Rc7 30. Rg5 Bh6 31. Bf5+ Kh8 32. Rxh5 Kg7 33. b5 Rc4 34. a3 Rc5 35. Bb4 Rxb5 36. Bxd6 1-0

[Event "RF-2013-0-00159"]
[Site "LSS email"]
[Date "2013.07.05"]
[Round "?"]
[White "Tolnai, Rudolf"]
[Black "Miklaszewski, Sylvain"]
[Result "0-1"]
[WhiteElo "957"]
[BlackElo "1335"]
[PlyCount "46"]
[EventDate "2013.05.18"]
[EventType "tourn (corr)"]
[EventRounds "6"]
[EventCountry "GER"]
[SourceTitle "Telechess CBM 163"]
[Source "ChessBase"]
[SourceDate "2014.11.11"]
[SourceVersion "2"]
[SourceVersionDate "2014.11.11"]
[SourceQuality "1"]

1. e4 c6 2. Bc4 d5 3. exd5 cxd5 4. Bb3 Nc6 5. d4 Bf5 6. c3 e6 7. Nd2 Bd6 8. Ngf3 Nf6 9. h3 0-0 10. 0-0 Qc7 11. a4 h6 12. Re1 Rae8 13. Nh4 Bh2+ 14. Kh1 Bh7 15. Nf1 Bd6 16. Bc2 Bxc2 17. Qxc2 Nxd4 18. Qd3 Nb3 19. Ra3 Nxc1 20. Rxc1 Bxa3 21. bxa3 Qc4 22. Qc2 Qxh4 23. Ng3 Rc8 0-1

[Event "OP-2013-0-02761"]
[Site "LSS email"]
[Date "2013.05.02"]
[Round "?"]
[White "Miklaszewski, Sylvain"]
[Black "Monteverde, Italo"]
[Result "1-0"]
[WhiteElo "1354"]
[BlackElo "2132"]
[PlyCount "147"]
[EventDate "2013.04.28"]
[EventType "tourn (corr)"]
[EventRounds "4"]
[EventCountry "GER"]
[SourceTitle "Telechess CBM 167"]
[Source "ChessBase"]
[SourceDate "2015.07.13"]
[SourceVersion "1"]
[SourceVersionDate "2015.07.13"]
[SourceQuality "1"]

1. e4 c6 2. d4 d5 3. Nc3 dxe4 4. Nxe4 Bf5 5. Ng3 Bg6 6. Nf3 e6 7. Be2 Ne7 8. 0-0 h6 9. Ne5 Nd7 10. Nxg6 Nxg6 11. Bd3 Ne7 12. Re1 Nf6 13. c3 Ned5 14. Qf3 Be7 15. a3 0-0 16. c4 Nb6 17. Be3 Qd7 18. Rad1 Rfd8 19. Bf4 Qe8 20. h3 Qf8 21. Qe2 Rd7 22. Bc2 Rad8 23. Be5 Ne8 24. Ne4 Nc8 25. Rd3 g6 26. Rf3 Ng7 27. g4 f5 28. Rd1 Nb6 29. b4 Kh7 30. a4 Nc8 31. a5 a6 32. h4 Bxh4 33. Rh3 fxe4 34. Rxh4 Nd6 35. c5 Qe7 36. Rxh6+ Kxh6 37. cxd6 Qg5 38. Bxe4 Rf7 39. Rd3 Kh7 40. f4 Rxf4 41. Qh2+ Nh5 42. Bxf4 Qxg4+ 43. Rg3 Qd1+ 44. Kf2 Qxd4+ 45. Re3 Kg8 46. Be5 Qd2+ 47. Re2 Rf8+ 48. Bf3 Qd3 49. Qh3 Rf5 50. Qg4 Kf7 51. Kg2 Nf6 52. Qg3 Nd7 53. Bf4 Qc4 54. Bh6 c5 55. bxc5 Qxc5 56. Rb2 Qxa5 57. Qh4 Kg8 58. Qe7 Rf7 59. Qe8+ Nf8 60. d7 Rxd7 61. Qxf8+ Kh7 62. Be3 Qf5 63. Qb8 Qd3 64. Rb4 Qxe3 65. Rh4+ Qh6 66. Rxh6+ Kxh6 67. Qh8+ Rh7 68. Qf6 Rd7 69. Be4 Kh7 70. Qxg6+ Kh8 71. Kh3 b5 72. Kh4 Re7 73. Qf6+ Kg8 74. Qxe7 1-0

[Event "OP-2013-0-02756"]
[Site "LSS email"]
[Date "2013.04.29"]
[Round "?"]
[White "Basson, Heinrich"]
[Black "Miklaszewski, Sylvain"]
[Result "1/2-1/2"]
[WhiteElo "1399"]
[BlackElo "1321"]
[PlyCount "35"]
[EventDate "2013.04.26"]
[EventType "tourn (corr)"]
[EventRounds "4"]
[EventCountry "GER"]
[SourceTitle "Corr 2015"]
[Source "ChessBase"]
[SourceDate "2015.07.17"]
[SourceVersion "1"]
[SourceVersionDate "2015.07.17"]
[SourceQuality "1"]

1. d4 d5 2. c4 e6 3. Nc3 Nf6 4. Bg5 Be7 5. e3 0-0 6. Nf3 h6 7. Bh4 a6 8. Be2 dxc4 9. Bxc4 b5 10. Bd3 Nbd7 11. 0-0 Bb7 12. Be2 c5 13. dxc5 Nxc5 14. Nd4 Nfe4 15. Bxe7 Qxe7 16. Nxe4 Nxe4 17. Bf3 e5 18. Nf5 1/2-1/2

[Event "OP-2013-0-02756"]
[Site "LSS email"]
[Date "2013.04.29"]
[Round "?"]
[White "Miklaszewski, Sylvain"]
[Black "Garcia, Javier N"]
[Result "1-0"]
[WhiteElo "1321"]
[BlackElo "833"]
[PlyCount "47"]
[EventDate "2013.04.26"]
[EventType "tourn (corr)"]
[EventRounds "4"]
[EventCountry "GER"]
[SourceTitle "Telechess CBM 161"]
[Source "ChessBase"]
[SourceDate "2014.07.16"]
[SourceVersion "1"]
[SourceVersionDate "2014.07.16"]
[SourceQuality "1"]

1. e4 c5 2. Nf3 d6 3. Bc4 e6 4. d4 cxd4 5. Nxd4 Be7 6. 0-0 Bd7 7. Nb5 Bxb5 8. Bxb5+ Nc6 9. Qg4 Bf6 10. c3 Nge7 11. Be3 a6 12. Be2 Ne5 13. Qh3 0-0 14. Nd2 N7g6 15. f4 Nd7 16. Rad1 e5 17. Nc4 Nxf4 18. Bxf4 exf4 19. Rxd6 Qc8 20. Rxd7 Rd8 21. Rxd8+ Bxd8 22. Qxc8 Rxc8 23. Rxf4 Bg5 24. Rf3 1-0

[Event "OP-2013-0-02756"]
[Site "LSS email"]
[Date "2013.04.29"]
[Round "?"]
[White "Miklaszewski, Sylvain"]
[Black "Vontina, Maria"]
[Result "1-0"]
[WhiteElo "1321"]
[BlackElo "772"]
[PlyCount "33"]
[EventDate "2013.04.26"]
[EventType "tourn (corr)"]
[EventRounds "4"]
[EventCountry "GER"]
[SourceTitle "Corr 2015"]
[Source "ChessBase"]
[SourceDate "2015.07.17"]
[SourceVersion "1"]
[SourceVersionDate "2015.07.17"]
[SourceQuality "1"]

1. e4 e6 2. Nc3 d5 3. d4 Bb4 4. e5 c5 5. Bd2 Nc6 6. Nb5 Bxd2+ 7. Qxd2 Nge7 8. Nd6+ Kf8 9. Qf4 Nf5 10. dxc5 Qe7 11. Nf3 Nxd6 12. cxd6 Qe8 13. h4 Bd7 14. Rh3 Kg8 15. 0-0-0 Qf8 16. Rg3 f5 17. exf6 1-0

[Event "RN-2013-0-00628"]
[Site "LSS email"]
[Date "2013.04.08"]
[Round "?"]
[White "Gyongyosi, Peter Laszlo"]
[Black "Miklaszewski, Sylvain"]
[Result "0-1"]
[WhiteElo "909"]
[BlackElo "1321"]
[PlyCount "38"]
[EventDate "2013.03.28"]
[EventType "tourn (corr)"]
[EventRounds "6"]
[EventCountry "GER"]
[SourceTitle "Corr 2015"]
[Source "ChessBase"]
[SourceDate "2015.07.17"]
[SourceVersion "1"]
[SourceVersionDate "2015.07.17"]
[SourceQuality "1"]

1. e4 e5 2. Nf3 Nc6 3. Bc4 Nf6 4. d3 Bc5 5. Bg5 h6 6. Bxf6 Qxf6 7. Nbd2 d6 8. Qe2 0-0 9. h3 Ne7 10. a3 Bd7 11. b4 Bb6 12. 0-0 Ng6 13. a4 Nf4 14. Qd1 Qg6 15. Nh4 Qg3 16. a5 Nxh3+ 17. Kh1 Nxf2+ 18. Rxf2 Qxh4+ 19. Kg1 Qxf2+ 0-1

[Event "RN-2013-0-00628"]
[Site "LSS email"]
[Date "2013.04.08"]
[Round "?"]
[White "Miklaszewski, Sylvain"]
[Black "Babos, Istvan"]
[Result "1-0"]
[WhiteElo "1321"]
[BlackElo "658"]
[PlyCount "47"]
[EventDate "2013.03.28"]
[EventType "tourn (corr)"]
[EventRounds "6"]
[EventCountry "GER"]
[SourceTitle "Telechess CBM 161"]
[Source "ChessBase"]
[SourceDate "2014.07.16"]
[SourceVersion "1"]
[SourceVersionDate "2014.07.16"]
[SourceQuality "1"]

1. e4 e5 2. Nf3 d6 3. Nc3 Nc6 4. d4 exd4 5. Nxd4 Nxd4 6. Qxd4 Nf6 7. Be2 Be7 8. 0-0 Be6 9. Bf4 Qd7 10. h3 0-0 11. Rad1 Rfd8 12. Qd3 a6 13. Rfe1 Ne8 14. Nd5 Bh4 15. b3 Bxd5 16. exd5 Nf6 17. g3 Qxh3 18. gxh4 Qxh4 19. Qf5 Re8 20. Rd4 Re4 21. Bg3 Rxd4 22. Bxh4 Rxh4 23. Bf3 Rh6 24. Re7 1-0

[Event "RN-2013-0-00628"]
[Site "LSS email"]
[Date "2013.04.08"]
[Round "?"]
[White "Miklaszewski, Sylvain"]
[Black "Feng, Jason"]
[Result "1-0"]
[WhiteElo "1321"]
[BlackElo "879"]
[PlyCount "55"]
[EventDate "2013.03.28"]
[EventType "tourn (corr)"]
[EventRounds "6"]
[EventCountry "GER"]
[SourceTitle "Telechess CBM 161"]
[Source "ChessBase"]
[SourceDate "2014.07.16"]
[SourceVersion "1"]
[SourceVersionDate "2014.07.16"]
[SourceQuality "1"]

1. e4 e5 2. Nf3 Nc6 3. Bb5 a6 4. Bxc6 dxc6 5. 0-0 Bg4 6. h3 h5 7. d3 Qf6 8. Nbd2 Bd6 9. d4 0-0-0 10. hxg4 hxg4 11. Nxe5 Qh4 12. Qxg4+ Qxg4 13. Nxg4 Nf6 14. Ne5 Bxe5 15. dxe5 Ng4 16. Nf3 Rh5 17. Bf4 Rdh8 18. g3 Nh2 19. Nxh2 Rxh2 20. g4 Rh1+ 21. Kg2 R1h4 22. f3 Kd7 23. Rad1+ Ke6 24. Bg3 R4h7 25. f4 f6 26. f5+ Ke7 27. e6 Rd8 28. Bxc7 1-0

[Event "OP-2013-0-02630"]
[Site "LSS email"]
[Date "2013.02.08"]
[Round "?"]
[White "Miklaszewski, Sylvain"]
[Black "Raines, David T"]
[Result "1-0"]
[WhiteElo "1321"]
[BlackElo "999"]
[PlyCount "63"]
[EventDate "2013.02.05"]
[EventType "tourn (corr)"]
[EventRounds "4"]
[EventCountry "GER"]
[SourceTitle "Telechess CBM 159"]
[Source "ChessBase"]
[SourceDate "2014.03.17"]
[SourceVersion "1"]
[SourceVersionDate "2014.03.17"]
[SourceQuality "1"]

1. e4 e6 2. d4 d5 3. e5 c5 4. c3 Nc6 5. Nf3 Qb6 6. a3 Bd7 7. b4 cxd4 8. cxd4 Nge7 9. b5 Na5 10. Nc3 Nc4 11. Bxc4 dxc4 12. Qa4 Nd5 13. Qxc4 Nxc3 14. Qxc3 Rc8 15. Qb2 Bxb5 16. a4 Rxc1+ 17. Rxc1 Qa5+ 18. Nd2 Ba6 19. Qc3 Qxc3 20. Rxc3 Kd7 21. Rf3 Ke8 22. Ne4 h5 23. Kd2 Bb4+ 24. Ke3 Rf8 25. Rc1 Kd7 26. Rg3 g6 27. Nf6+ Kd8 28. Rf3 b6 29. Nh7 Bb7 30. Nxf8 Bxf8 31. Rxf7 Bh6+ 32. f4 1-0

[Event "OP-2012-0-02573"]
[Site "LSS email"]
[Date "2013.01.04"]
[Round "?"]
[White "Bukarin, Mikhail Yurievich"]
[Black "Miklaszewski, Sylvain"]
[Result "1-0"]
[WhiteElo "2115"]
[BlackElo "1321"]
[PlyCount "65"]
[EventDate "2012.12.30"]
[EventType "tourn (corr)"]
[EventRounds "4"]
[EventCountry "GER"]
[SourceTitle "Telechess CBM 161"]
[Source "ChessBase"]
[SourceDate "2014.07.16"]
[SourceVersion "1"]
[SourceVersionDate "2014.07.16"]
[SourceQuality "1"]

1. d4 d5 2. c4 dxc4 3. Nf3 Nf6 4. e3 Be6 5. Nc3 Nc6 6. Be2 Qd7 7. 0-0 Bd5 8. Ne5 Qf5 9. e4 Bxe4 10. Nxe4 Qxe4 11. Bf3 Qf5 12. Nxc6 Nd7 13. Ne5 Nxe5 14. dxe5 c6 15. Bg4 Qd3 16. Qa4 h5 17. Rd1 hxg4 18. Rxd3 cxd3 19. e6 f5 20. Qd4 Rd8 21. Qxa7 g6 22. Qxb7 Bg7 23. Bg5 0-0 24. Bxe7 Rb8 25. Qxc6 Rfc8 26. Qd7 Bxb2 27. Rd1 Ra8 28. Bg5 g3 29. Qf7+ Kh8 30. Rxd3 Be5 31. Rd7 gxh2+ 32. Kh1 Bg7 33. Qxg7# 1-0